| 000 | 00619nam a2200193 a 4500 | ||
|---|---|---|---|
| 001 | 000024345 | ||
| 005 | 20200930022930.0 | ||
| 008 | 110126s1977 ag r 001 0 spa d | ||
| 020 | _a031146064x | ||
| 040 |
_aDO-SdBNP _bspa _cBNPHU |
||
| 082 |
_ann* _bnn* |
||
| 100 | 1 |
_aDeiros, Pablo Alberto. _947941 |
|
| 245 | 1 | 3 |
_aEl cristianismo y los problemas éticos / _cPablo Alberto Deiros ; prólogo Cecilio Thompson. |
| 260 |
_a[Buenos Aires] : _bCasa Bautista de Publicaciones, _c1977. |
||
| 300 |
_a111 p. ; _c21 cm. |
||
| 504 | _aBibliografía : 111 p. | ||
| 700 | 1 |
_aThompson, Cecilio, _epról. _949930 |
|
| 049 | _aBNGR | ||
| 999 |
_c23838 _d23838 |
||